|
|
|
|
| LEADER |
00000nab a2200000 ar4500 |
| 001 |
vtls008857581 |
| 003 |
SK-MaSNL |
| 005 |
20260304034907.0 |
| 008 |
061024c2006 xo |||||||||||000 b|slo |
| 015 |
|
|
|a SNBRB2006/10
|2 snkbucl
|
| 038 |
|
|
|a SNKBUCL
|
| 040 |
|
|
|a SNKBUCL
|b slo
|c SNKBUCL
|e AACR2
|
| 041 |
0 |
|
|a slo
|b eng
|b slo
|
| 044 |
|
|
|a xo
|c SK
|
| 080 |
|
|
|a 635.9:631.811.98
|2 1997
|
| 080 |
|
|
|a 631.811.98
|2 1997
|
| 100 |
1 |
|
|a Jakábová, Anna,
|d 1943-
|4 aut
|9 163431
|
| 245 |
1 |
0 |
|a Využitie biomorforegulátorov v kvetinárskej praxi
|c Anna Jakábová, Anna Gogoláková
|
| 246 |
3 |
1 |
|a Use of biomorforegulators in floricultural practice
|
| 300 |
|
|
|b Tab.
|
| 504 |
|
|
|a Bibliogr. odkazy
|
| 546 |
|
|
|a Res. angl., slov.
|
| 650 |
0 |
7 |
|a kvetiny
|2 snkbucl
|9 73382
|
| 650 |
0 |
7 |
|a regulátory rastu rastlín
|2 snkbucl
|9 21954
|
| 650 |
0 |
7 |
|a habitus rastlín
|2 snkbucl
|9 1318168
|
| 650 |
0 |
7 |
|a ibištek
|2 snkbucl
|9 15381
|
| 700 |
1 |
|
|a Gogoláková, Anna
|4 aut
|9 23047
|
| 773 |
0 |
|
|t Acta horticulturae et regiotecturae
|g Roč. 9, č. 1 (2006), s. 8-10
|x 1335-2563
|
| 852 |
|
|
|a SNK
|b KIS3GCP
|
| 958 |
|
|
|a NB
|
| 999 |
|
|
|c 2655439
|d 2657369
|